Correspondencia completa / (Record no. 18394)

MARC details
000 -LEADER
campo de control de longitud fija 01374nam a2200337 i 4500
001 - NÚMERO DE CONTROL
campo de control 18394
003 - IDENTIFICADOR DE NÚMERO DE CONTROL
campo de control ES-MaACL
005 - FECHA Y HORA DE LA ÚLTIMA TRANSACCIÓN
campo de control 20240125063127.0
007 - CAMPO FIJO DE DESCRIPCIÓN FÍSICA--INFORMACIÓN GENERAL
campo de control de longitud fija t|
008 - DATOS DE LONGITUD FIJA--INFORMACIÓN GENERAL
campo de control de longitud fija 011119m2001 sp ||||1| spa d
020 ## - NÚMERO INTERNACIONAL ESTÁNDAR DEL LIBRO
Número Internacional Estándar del Libro 84-7738-841-5
080 ## - NÚMERO DE LA CLASIFICACIÓN DECIMAL UNIVERSAL
Número de la Clasificación Decimal Universal 929 Freud, Sigmund
080 ## - NÚMERO DE LA CLASIFICACIÓN DECIMAL UNIVERSAL
Número de la Clasificación Decimal Universal 929 Ferenczi, Sándor
100 1# - ENTRADA PRINCIPAL--NOMBRE DE PERSONA
Nombre de persona Freud, Sigmund,
Fechas asociadas al nombre 1856-1939
9 (RLIN) 52547
245 10 - MENCIÓN DEL TÍTULO
Título Correspondencia completa /
Mención de responsabilidad, etc. Sigmund Freud, Sándor Ferenczi ; edición a cargo de Eva Brabant, Ernst Falzeder y Patrizia Giampieri-Deutsch ; supervisión científica de André Haymal y transcripción de Ingeborg Meyer-Palmedo.
260 ## - PUBLICACIÓN, DISTRIBUCIÓN, ETC.
Lugar de publicación, distribución, etc. Madrid :
Nombre del editor, distribuidor, etc. Síntesis,
Fecha de publicación, distribución, etc. [2001-]
300 ## - DESCRIPCIÓN FÍSICA
Extensión v.<I.1, I.2, II.1, II.2) ;
Dimensiones 24 cm.
490 1# - MENCIÓN DE SERIE
Mención de serie Psicoanálisis. Correspondencias
505 8# - NOTA DE CONTENIDO CON FORMATO
Nota de contenido con formato Contiene: v. I.1. 1908-1911 -- v. I.2. 1912-1914 -- v.II.1 1914-1916 -- v. II.2 1917-1919
600 14 - PUNTO DE ACCESO ADICIONAL DE MATERIA--NOMBRE DE PERSONA
Nombre de persona Freud, Sigmund,
Fechas asociadas al nombre 1856-1939-
Subdivisión de forma Correspondencia
9 (RLIN) 52548
600 14 - PUNTO DE ACCESO ADICIONAL DE MATERIA--NOMBRE DE PERSONA
Nombre de persona Ferenczi, Sándor-
Subdivisión de forma Correspondencia.
9 (RLIN) 49283
700 1# - ENTRADA AGREGADA--NOMBRE PERSONAL
Nombre de persona Ferenczi, Sándor.
9 (RLIN) 49282
700 1# - ENTRADA AGREGADA--NOMBRE PERSONAL
Nombre de persona Brabant, Eva.
9 (RLIN) 31226
700 1# - ENTRADA AGREGADA--NOMBRE PERSONAL
Nombre de persona Falzeder, Ernst.
9 (RLIN) 48782
700 1# - ENTRADA AGREGADA--NOMBRE PERSONAL
Nombre de persona Giampieri-Deutsch, Patrizia.
9 (RLIN) 56606
700 1# - ENTRADA AGREGADA--NOMBRE PERSONAL
Nombre de persona Haynal, André.
9 (RLIN) 62208
700 1# - ENTRADA AGREGADA--NOMBRE PERSONAL
Nombre de persona Meyer-Palmedo, Ingeborg.
9 (RLIN) 80808
830 0# - PUNTO DE ACCESO ADICIONAL DE SERIE-TÍTULO UNIFORME
Título uniforme Psicoanálisis. Correspondencias
9 (RLIN) 180479
852 ## - LOCALIZACIÓN
Ubicación ES-MaACL
Número de control de estantería P-1966
Sublocalización o colección R.130651
Holdings
Estatus retirado Estado de pérdida Estado de daño No para préstamo Biblioteca de origen Biblioteca actual Ubicación en estantería Fecha de adquisición Fuente de adquisición Total de préstamos Signatura topográfica completa Código de barras Visto por última vez Precio de reemplazo Tipo de ítem Koha
        Biblioteca del Ateneo de Madrid Biblioteca del Ateneo de Madrid Depósito 2 17/01/2008     P-1966 1018815 23/02/2023 23/02/2023 Libro impreso